Statistics for Biggest Metropolitan Cities in South Africa

Click here to take the quiz!

General Stats

  • This quiz has been taken 26 times
  • The average score is 6 of 6

Answer Stats

Population (2024)City% Correct
4,770,000Cape Town
100%
15,810,000Johannesburg
100%
4,034,000Durban
96%
1,153,000Gqeberha
96%
1,022,000Bloemfontein
91%
1,003,000East London
78%

Score Distribution

Percentile by Number Answered

Percent of People with Each Score

Your Score History

You have not taken this quiz